Statistiche per Gruppi di Quattro #1

Clicka qui per fare il quiz!

Statistiche generali

  • Questo quiz è stato fatto 4.344 volte
  • Il punteggio medio è 42 su 64

Statistiche sulle risposte

GroupRisposta% Corretto
StagioniAutunno
99%
StagioniEstate
99%
StagioniInverno
99%
StagioniPrimavera
99%
Elementi ClassiciTerra
94%
Semi delle carte da pokerCuori
93%
Playing Cards SuitsPicche
93%
Semi delle carte da pokerFiori
92%
Paesi del Regno UnitoInghilterra
92%
Tartarughe NinjaMichelangelo
92%
Paesi del Regno UnitoScozia
92%
Paesi del Regno UnitoGalles
91%
Quattro EvangelistiLuca
90%
Semi delle carte da pokerQuadri
90%
Paesi che iniziano per FFinlandia
89%
Paesi che iniziano per FFrancia
88%
Tartarughe NinjaRaffaello
88%
Quattro EvangelistiGiovanni
87%
Quattro EvangelistiMatteo
87%
Strumenti ad arco dell'orchestraViolino
87%
Paesi del Regno UnitoIrlanda del nord
86%
Tartarughe NinjaLeonardo
85%
Quattro EvangelistiMarco
85%
Elementi ClassiciAcqua
84%
Elementi ClassiciFuoco
84%
Elementi ClassiciAria
83%
Tartarughe NinjaDonatello
83%
Discipline nel lancio alle OlimpiadiGiavellotto
82%
Strumenti ad arco dell'orchestraVioloncello
80%
Stati USA confinanti col MessicoTexas
78%
Componenti dei BeatlesJohn Lennon
77%
Strumenti ad arco dell'orchestraViola
76%
Discipline nel lancio alle OlimpiadiPeso
74%
Paesi del Corno d'AfricaEtiopia
69%
Paesi del Corno d'AfricaEritrea
67%
Paesi del Corno d'AfricaSomalia
67%
Stati USA confinanti col MessicoCalifornia
65%
Discipline nel lancio alle OlimpiadiDisco
65%
Paesi che iniziano per FFigi
63%
Stati USA confinanti col MessicoNew Mexico
63%
Componenti dei BeatlesPaul McCartney
63%
Strumenti ad arco dell'orchestraContrabbasso
62%
Paesi che iniziano per FFilippine
62%
Componenti dei BeatlesRingo Starr
62%
Tornei del "Grande Slam" di tennisWimbledon
59%
Discipline nel lancio alle OlimpiadiMartello
52%
Stati USA confinanti col MessicoArizona
47%
Paesi del Corno d'AfricaGibuti
46%
Tornei del "Grande Slam" di tennisUS Open
45%
Maggiori satelliti di GioveIo
44%
Tornei del "Grande Slam" di tennisAustralian Open
43%
Maggiori satelliti di GioveEuropa
43%
Tornei del "Grande Slam" di tennisFrench Open
41%
Componenti dei BeatlesGeorge Harrison
35%
Principali isole giapponesiHokkaido
28%
Film di Indiana JonesI predatori dell'arca perduta
25%
Maggiori satelliti di GioveGanimede
21%
Maggiori satelliti di GioveCallisto
20%
Film di Indiana JonesIl tempio maledetto
19%
Principali isole giapponesiHonshu
16%
Film di Indiana JonesRegno del teschio di cristallo
16%
Film di Indiana JonesL'ultima crociata
14%
Principali isole giapponesiKyushu
13%
Principali isole giapponesiShikoku
11%

Distribuzione punteggi

Percentile per numero di risposta

Percentuale di utenti per punteggio

I tuoi punteggi nel tempo

Non hai fatto questo quiz